[Event "Stepan Avagyan Memorial 2020"]
[Site "Jermuk"]
[Date "2020.07.07"]
[Round "1.1"]
[White "Petrosyan, Manuel"]
[Black "Martirosyan, Haik M."]
[Result "1-0"]
[WhiteElo "2607"]
[BlackElo "2617"]
[Annotator "TA"]
[PlyCount "69"]
[EventDate "2020.07.05"]
[EventType "tourn"]
[EventCountry "ARM"]
[SourceTitle "playchess.com"]
[Source "ChessBase"]
[SourceQuality "1"]

{[%evp 14,69,26,29,27,16,16,0,3,-15,0,-26,-22,-32,-15,-22,-37,-24,-25,-23,-21,-17,0,-31,-34,-32,-17,-57,-46,-60,-62,-59,-30,-28,0,6,24,25,32,11,31,0,43,12,89,48,46,0,0,0,0,0,0,0,915,274,29993,29994]} 1. d4 Nf6 2. c4 e6 3. Nf3 b6 4. g3 Bb7 5. Bg2 Bb4+ 6. Bd2 Bxd2+ 7. Qxd2 O-O 8. O-O Ne4 {E16: Queen's Indian: 4 g3 Bb7 5 Bg2 Bb4+.} 9. Qf4 $5 {[%mdl 4] [#] Exploring less charted territory.} f5 $146 ({Predecessor:} 9... d5 10. cxd5 exd5 11. Rc1 c5 12. dxc5 Nxc5 13. Nd4 Ne6 14. Qd2 Nd7 15. Nc3 Ndc5 16. Rd1 {1-0 (25) Lekic,D (2374)-Kazaglis,D (1694) Aghios Kirykos 2016}) 10. h4 Nc6 {The position is equal.} 11. Nbd2 Ne7 12. h5 Rf6 13. Rfd1 d6 14. Ng5 Nxg5 15. Qxg5 Bxg2 16. Kxg2 Qd7 17. Nf3 Raf8 18. e3 Kh8 19. Rac1 Rh6 20. Rh1 Ng8 $1 21. c5 bxc5 22. dxc5 e5 23. Qh4 Rhf6 24. Rhd1 {White wants to play Nxe5!} Re8 25. cxd6 cxd6 26. Rc4 Qb7 27. Rb4 Qa8 28. Qc4 Ne7 (28... f4 $1 $11 {remains equal.} 29. gxf4 a5) 29. Qa6 f4 30. Rxd6 Nc6 $1 {[%cal Be7c6,Bc6b4,Bb4c2][%mdl 32]} 31. Rxf6 $1 Nxb4 32. Qd6 $36 {[%mdl 2112] h6 is the strong threat. Double Attack. White is pushing.} Nc2 33. e4 {And now h6! would win.} Nd4 $2 {[%mdl 8192]} (33... gxf6 $11 34. Qxf6+ {[%mdl 64] Double Attack} Kg8 35. Qg5+ Kh8 36. Qf6+ Kg8 37. Qg5+ Kh8 38. Qf6+) 34. h6 $2 (34. Ng5 {Black must now prevent h6!} Qb8 {[#]} 35. Qd7 $3 {[%mdl 512]} f3+ 36. Kh2 Qc8 37. Qf7 $3 {[%mdl 512]} Ne6 38. Nxe6 Rg8 39. h6 $1 {[%mdl 512]}) 34... Nb5 $2 {[#]} (34... Qd8 $18 35. Qxd8 Rxd8) 35. Qd7 $1 {[%mdl 576] Double Attack. Accuracy: White = 65%, Black = 69%.} 1-0

[Event "Stepan Avagyan Memorial 2020"]
[Site "Jermuk"]
[Date "2020.07.07"]
[Round "1.2"]
[White "Harutyunian, Tigran K."]
[Black "Davtyan, Artur"]
[Result "0-1"]
[WhiteElo "2551"]
[BlackElo "2461"]
[Annotator "TA"]
[PlyCount "114"]
[EventDate "2020.07.05"]
[EventType "tourn"]
[EventCountry "ARM"]
[SourceTitle "playchess.com"]
[Source "ChessBase"]
[SourceQuality "1"]

{[%evp 9,114,27,20,18,22,15,28,18,28,26,30,22,32,16,21,0,23,27,16,25,41,31,76,74,97,113,84,41,31,30,37,6,26,0,0,-88,-94,-122,-72,-207,-206,-213,-50,-57,-54,-36,0,0,0,-2,0,8,0,0,0,0,0,-113,-118,-114,-113,-378,-371,-381,-385,-478,-473,-572,-497,-459,0,-288,-289,-272,-266,-408,-385,-471,-479,-470,-362,-447,-443,-453,-443,-644,-618,-687,-659,-626,-500,-752,-732,-1087,-1055,-1082,-854,-1057,-1057,-1038,-948,-1872,-1803,-2575,-1705,-12845,-12839]} 1. Nf3 d5 2. e3 Nf6 3. c4 dxc4 4. Bxc4 e6 5. O-O a6 6. b3 {A09: Réti Opening: 1 Nf3 d5 2 c4.} Be7 7. Bb2 O-O 8. d4 {White has an edge.} b5 9. Bd3 Bb7 10. a4 b4 11. Nbd2 $36 {[%mdl 2048] White is pushing.} c5 {[#]} 12. Qe2 $146 ({Predecessor:} 12. Nc4 cxd4 13. Bxd4 Nc6 14. Bb2 Nd5 15. Qc2 g6 16. Rad1 Rc8 17. Be2 Qc7 18. Nd4 {1-0 (36) Abdel Maaboud,G-Shedid,A Cairo 2000}) 12... Nbd7 13. Rac1 cxd4 14. Bxd4 Qb8 15. Nc4 Ng4 {And now ...Bxf3 would win.} 16. e4 Nc5 17. Bxc5 Bxc5 18. h3 Nf6 19. Na5 Rc8 20. Rc4 Bb6 21. Nxb7 Rxc4 22. Nd6 {[#]} (22. bxc4 $11 {keeps the balance.} Qxb7 23. e5) 22... Rc6 $1 $17 {[%cal Rc6d6]} ({Of course not} 22... Qxd6 $6 23. e5 $11 (23. Bxc4 Qc6 $11)) 23. Nc4 Nh5 24. Ng5 (24. Qd2 $17) 24... Nf4 $19 25. Qf3 {next e5 is good for White.} f6 $2 (25... Nxd3 $19 26. Qxd3 Qd8 27. Qxd8+ Bxd8) 26. e5 $1 $15 Rxc4 $1 27. exf6 gxf6 {...Rc3 is the strong threat.} 28. Nxe6 $1 {[#]} Nxd3 $1 {[%mdl 512]} 29. bxc4 (29. Qxd3 Rc3) 29... Ne5 30. Qxf6 {[%csl Ge6][%cal Rf6g7]} Ra7 31. c5 Ba5 32. Qg5+ Ng6 {Strongly threatening ...Qe5.} 33. c6 (33. f4 $11 {remains equal.}) 33... Qe5 $17 {aiming for ...Qxg5.} 34. Qg4 Re7 35. Ng5 $2 {[%mdl 8192]} (35. c7 $17 Bxc7 36. Nxc7 Rxc7 37. Qxb4) 35... Qd5 $19 36. h4 Qxc6 37. h5 Ne5 38. Qf5 Qd7 39. Qf6 Nf7 $2 ({Black should play} 39... b3 $19 {Hoping for ...Bc7.} 40. h6 Bd8) 40. h6 $2 {[%mdl 8192]} (40. Nxf7 $11 Rxf7 41. Qg5+ {[%mdl 64] Double Attack} Rg7 42. Qxa5 {[%mdl 64] Double Attack} Rxg2+ 43. Kxg2 Qg4+ 44. Kh1 Qh3+ 45. Kg1 Qg4+ 46. Kh2 Qh4+ 47. Kg2 Qg4+ 48. Kh1 Qh3+ 49. Kg1 Qg4+ 50. Kh2 Qh4+ 51. Kg2 Qg4+) 40... Ne5 41. Qxa6 Bd8 42. Ne4 (42. Qe2 $142 Qxa4 43. Qe4) 42... Re6 43. Qa8 {Black must now prevent Nc5.} Rxh6 44. a5 Qc7 {( -> ...Nf3+!)} 45. Qd5+ Nf7 {[%csl Gh6][%cal Rc7h2] Black is clearly winning.} 46. Rd1 Qxa5 47. Qd7 (47. Qxa5 $142 Bxa5 48. Ra1) 47... Qe5 48. Qg4+ Rg6 49. Qf3 Be7 50. Rc1 {[#]} (50. Rd5 $142 Qb2 51. Ng3) 50... b3 $1 {[%cal Bb4b3,Bb3b2][%mdl 32]} 51. Nd2 (51. Qxb3 Qxe4) 51... b2 52. Rb1 Qd4 53. Qe2 Qc3 54. Nf1 Bf6 55. Rd1 Bd4 56. Nd2 Qc2 57. Qe1 Bc3 {Accuracy: White = 38%, Black = 81%.} 0-1

[Event "Stepan Avagyan Memorial 2020"]
[Site "Jermuk"]
[Date "2020.07.07"]
[Round "1.2"]
[White "Harutyunian, Tigran K."]
[Black "Davtyan, Artur"]
[Result "*"]
[WhiteElo "2551"]
[BlackElo "2461"]
[Annotator "TA"]
[PlyCount "28"]
[EventDate "2020.07.05"]
[EventType "tourn"]
[EventCountry "ARM"]
[SourceTitle "playchess.com"]
[Source "ChessBase"]
[SourceQuality "1"]

{[%evp 9,28,28,27,13,24,17,26,10,25,16,22,15,20,9,28,0,24,16,161,0,31]} 1. Nf3 d5 2. e3 Nf6 3. c4 dxc4 4. Bxc4 e6 5. O-O a6 6. b3 {A09: Réti Opening: 1 Nf3 d5 2 c4.} Be7 7. Bb2 O-O 8. d4 {White has an edge.} b5 9. Bd3 Bb7 10. a4 b4 11. Nbd2 c5 {[#]} 12. Qe2 $146 ({Predecessor:} 12. Nc4 cxd4 13. Bxd4 Nc6 14. Bb2 Nd5 15. Qc2 g6 16. Rad1 Rc8 17. Be2 Qc7 18. Nd4 {1-0 (36) Abdel Maaboud,G-Shedid,A Cairo 2000}) 12... Nbd7 13. Rac1 Nb8 (13... Nd5 $11 {and Black has nothing to worry.}) 14. Ra1 ({Better is} 14. dxc5 $18 {Threatens to win with Rfd1.} Nc6 15. Rfd1) 14... Nbd7 {Accuracy: White = 72%, Black = 74%.} *

[Event "Stepan Avagyan Memorial 2020"]
[Site "Jermuk"]
[Date "2020.07.07"]
[Round "1.3"]
[White "Sargsyan, Shant"]
[Black "Shahinyan, David"]
[Result "1/2-1/2"]
[WhiteElo "2594"]
[BlackElo "2456"]
[Annotator "TA"]
[PlyCount "83"]
[EventDate "2020.07.05"]
[EventType "tourn"]
[EventCountry "ARM"]
[SourceTitle "playchess.com"]
[Source "ChessBase"]
[SourceQuality "1"]

{[%evp 12,83,25,29,25,32,24,0,34,29,52,42,47,0,12,15,26,-12,0,-36,22,20,18,25,20,-6,0,0,0,0,0,0,-7,-32,6,0,6,5,56,0,0,0,0,0,64,43,30,25,22,23,681,681,671,661,624,0,39,48,43,47,64,57,63,0,0,0,0,0,0,0,0,0,0,0]} 1. d4 d6 2. Nf3 f5 3. g3 Nf6 4. Bg2 g6 5. O-O Bg7 6. Nc3 O-O 7. Re1 d5 {A81: Dutch Defence: 2 g3.} 8. Bf4 c6 9. Na4 h6 {[#]} 10. c4 $146 ({Predecessor:} 10. b3 g5 11. Bc1 Ne4 12. Ne5 Nd7 13. f3 Nd6 14. Bb2 f4 15. gxf4 Rxf4 16. e3 {1-0 (34) Slampa,J (2245)-Stojkovic,A (1968) Prague 2019}) 10... g5 11. Be5 Nbd7 12. Qd3 Nxe5 13. Nxe5 e6 14. b4 Nd7 15. Nf3 dxc4 (15... e5 $15 16. cxd5 e4) 16. Qxc4 $11 Nb6 17. Nxb6 axb6 18. e4 fxe4 19. Rxe4 Qd5 20. Qd3 Rxa2 21. Rxa2 Qxa2 22. h4 e5 {Hoping for ...Bf5.} (22... g4 $5 23. Rxg4 e5 24. Rxg7+ {[%mdl 64] Remove Defender} Kxg7 25. dxe5 Qa1+ 26. Kh2 Qb2 $15) 23. hxg5 hxg5 {[#] Strongly threatening ...Bf5.} 24. Re2 Qa1+ (24... Bf5 $11 25. Rxa2 Bxd3) 25. Re1 (25. Kh2 $14 Rf6 26. Re1) 25... Qa2 26. dxe5 g4 $1 {[%cal Rg4f3]} 27. Nd2 Bf5 (27... b5 $11) 28. Qd4 b5 29. Ne4 Qc4 30. Qd6 Qc2 $2 {[%mdl 8192] [#]} (30... Qb3 $11) 31. Nf6+ $18 Bxf6 32. exf6 Qc3 33. Qe7 $2 (33. Re5 $18 Qc1+ 34. Bf1) 33... Rxf6 (33... Rf7 $5 {[%cal Rf7e7]} 34. Qe8+ Rf8 35. f7+ Kg7 $11) 34. Re5 Qc1+ 35. Bf1 Rf7 36. Qd8+ Rf8 37. Re8 (37. Qh4 $14) 37... Rxe8 {The position is equal.} 38. Qxe8+ Kg7 39. Qe7+ Kg6 40. Qd6+ Kf7 41. Qc7+ Kf6 42. Qd8+ {Accuracy: White = 72%, Black = 70%.} 1/2-1/2

[Event "Stepan Avagyan Memorial 2020"]
[Site "Jermuk"]
[Date "2020.07.07"]
[Round "1.3"]
[White "Sargsyan, Shant"]
[Black "Shahinyan, David"]
[Result "*"]
[WhiteElo "2594"]
[BlackElo "2456"]
[Annotator "TA"]
[PlyCount "40"]
[EventDate "2020.07.05"]
[EventType "tourn"]
[EventCountry "ARM"]
[SourceTitle "playchess.com"]
[Source "ChessBase"]
[SourceQuality "1"]

{[%evp 12,15,29,21,31,18]} 1. d4 d6 2. Nf3 f5 3. g3 Nf6 4. Bg2 g6 5. O-O Bg7 6. Nc3 O-O 7. Re1 d5 {A81: Dutch Defence: 2 g3.} 8. Bf4 {[#] A rather calm draw.} {Predecessor:} c6 $146 9. e3 e6 10. Ne2 Nbd7 11. c4 b6 12. Qa4 Bb7 13. Ne5 Nxe5 14. Bxe5 Qe7 15. Rac1 Rfd8 16. Nf4 Ne4 17. Bxg7 Kxg7 18. Nd3 Nd6 19. cxd5 cxd5 20. Rc3 a5 {½-½ (20) Bai,J (2556)-Lu,S (2641) Sanya 2017} *

[Event "Stepan Avagyan Memorial 2020"]
[Site "Jermuk"]
[Date "2020.07.07"]
[Round "1.5"]
[White "Gharibyan, Mamikon"]
[Black "Mikaelyan, Arman"]
[Result "0-1"]
[WhiteElo "2433"]
[BlackElo "2483"]
[Annotator "TA"]
[PlyCount "81"]
[EventDate "2020.07.05"]
[EventType "tourn"]
[EventCountry "ARM"]
[SourceTitle "playchess.com"]
[Source "ChessBase"]
[SourceQuality "1"]

{[%evp 24,81,0,0,37,-11,-11,-10,6,-11,10,8,8,8,22,6,18,5,4,14,74,0,64,61,63,58,62,0,37,29,42,-10,-10,-10,-8,-11,0,-91,-94,-203,-185,-193,-203,-654,-697,-697,-625,-585,-585,-573,-552,-1289,-1318,-1273,-1146,-1077,-951,-6079,-6033,-6083]} 1. d4 Nf6 2. c4 e6 3. Nf3 d5 4. Nc3 c6 5. Bg5 h6 6. Bxf6 Qxf6 7. e3 Nd7 8. Qc2 g6 9. Rc1 Bg7 10. Be2 O-O 11. O-O Qe7 12. Rfd1 dxc4 13. Bxc4 b5 {D43: Semi-Slav: 5 Bg5 h6.} 14. Bb3 Bb7 15. Ne4 Rfd8 {The position is equal.} 16. Qe2 {[#]} e5 $146 (16... Rac8 {keeps more tension.} 17. Nc5 Nxc5 18. Rxc5 Bf8 19. Ne5 a5) ({Predecessor:} 16... Rac8 17. Nc5 Nxc5 18. Rxc5 Bf8 19. Rdc1 Qf6 20. R5c2 c5 21. Qxb5 Bxf3 22. gxf3 Rb8 {0-1 (53) Castellanos Sanchez,C (2281)-Ruiz Sanchez,O (2407) Santa Clara 2010}) 17. dxe5 Nxe5 18. Nxe5 Bxe5 19. Nc5 Rxd1+ 20. Qxd1 Bc8 21. Nd3 Bg7 (21... Bd6 $1 $11) 22. Nf4 (22. Rxc6 $16 Bf5 23. Nf4) 22... Bf5 (22... Qf6 $11) 23. Rxc6 $14 {aiming for Nxg6.} Rd8 24. Qc1 a5 {[%cal Ba7a5,Ba5a4][%mdl 32]} 25. Nd5 (25. h3 $14) 25... Qe5 {And now ...a4 would win.} (25... Qf8 $5 {[%cal Ra5a4]} 26. Nf6+ Kh8 $16) 26. f4 Qe4 {Threatens to win with ...a4.} 27. Nf6+ ({White should play} 27. Rc5 $1 $14) 27... Bxf6 $1 $11 28. Rxf6 Rc8 $36 {[%mdl 2048] Black has some pressure.} 29. Qd2 $1 a4 30. Bd1 (30. Bxf7+ $11 Kg7 31. Bd5 Qb1+ 32. Kf2 Kxf6 33. Qd4+ Ke7 34. Qe5+ Kd8 35. Qf6+ Kd7 36. Qg7+ {[%mdl 64] Double Attack} Kd8 37. Qf6+ Kc7 38. Qc6+ {[%mdl 64] Double Attack} Kd8 39. Qf6+) 30... Be6 $17 31. f5 (31. h3 $17) 31... Qe5 $19 ({Don't do} 31... Bxf5 32. a3 $15) ({Stronger than} 31... Bxa2 32. fxg6 fxg6 33. h3 $11) 32. Rxe6 fxe6 33. fxg6 $2 {[#]} (33. fxe6 Qxe6 34. Bf3) 33... Qd5 $1 {[%mdl 512] Black is clearly winning.} 34. Qxd5 exd5 {[%mdl 4096] Endgame KR-KB} 35. Kf2 {[#]} Rc1 $1 {[%cal Rc1d1]} 36. Bf3 Rc2+ 37. Kg3 Rxb2 38. Kf4 Kg7 39. Bxd5 b4 40. Ke5 {[#]} Rxa2 $1 {[%mdl 512]} 41. Kd4 {Accuracy: White = 40%, Black = 82%.} (41. Bxa2 b3) 0-1

[Event "Stepan Avagyan Memorial 2020"]
[Site "Jermuk"]
[Date "2020.07.08"]
[Round "2.1"]
[White "Martirosyan, Haik M."]
[Black "Mikaelyan, Arman"]
[Result "1/2-1/2"]
[WhiteElo "2617"]
[BlackElo "2483"]
[Annotator "TA"]
[PlyCount "136"]
[EventDate "2020.07.05"]
[EventType "tourn"]
[EventCountry "ARM"]
[SourceTitle "playchess.com"]
[Source "ChessBase"]
[SourceQuality "1"]

{[%evp 14,136,29,7,17,20,28,27,27,0,8,-3,23,29,35,32,27,12,18,18,24,0,0,0,0,0,0,0,0,-5,0,-14,-13,-11,0,0,0,0,10,4,17,11,40,32,42,34,28,2,15,0,0,0,30,15,52,45,48,45,43,56,46,30,89,48,58,54,68,67,97,39,61,11,11,7,7,7,7,6,6,12,12,0,8,8,70,70,69,69,70,17,17,17,112,0,0,0,0,0,17,0,0,0,0,-39,-54,-43,0,-686,0,-49,0,-678,-636,-541,0,-557,-87,-95,0,-523,0,-80,0,-425,0]} 1. d4 d5 2. c4 c6 3. Nf3 Nf6 4. Nc3 e6 5. Bg5 h6 6. Bxf6 Qxf6 7. e3 Nd7 8. Be2 Qd8 {D43: Semi-Slav: 5 Bg5 h6.} 9. O-O Be7 10. Qc2 O-O {White has an edge.} 11. Rfd1 b6 {[#]} 12. e4 $146 ({Predecessor:} 12. Rac1 Bb7 13. cxd5 cxd5 14. Qa4 a6 15. b4 a5 16. b5 Bd6 17. Qb3 Qe7 18. Na4 {½-½ (42) Welz,T (2235)-Doehler,T Germany 1997}) 12... Bb7 13. cxd5 cxd5 14. exd5 exd5 15. Qb3 Nf6 16. Ne5 Rc8 17. Nb5 a6 18. Nc3 b5 19. Bf3 Rc7 20. a3 Qd6 21. Re1 Rd8 22. Re3 Bf8 23. Rae1 Qb6 24. Rd1 Ne4 25. g3 Nxc3 26. Rxc3 Rxc3 27. Qxc3 Rc8 28. Qe3 Rc7 29. h4 a5 30. Bh5 g6 31. Bg4 h5 32. Bh3 Qf6 33. Re1 Re7 34. Qd2 b4 35. axb4 axb4 36. Rc1 Qd6 37. Bc8 Ba8 (37... Bg7 $11) 38. Ra1 Qb8 39. Bh3 {Hoping for Qf4.} Ra7 40. Rc1 Rc7 41. Re1 (41. Nd7 $16 Rxc1+ 42. Qxc1) 41... Qd8 $14 42. Qf4 Bb7 43. Re3 Bd6 44. Rf3 {[%cal Re5f7]} Bc8 $132 {[%mdl 2048] Black is not keeping still} 45. Bxc8 Qxc8 46. Qf6 {[%cal Re5f7]} Bxe5 47. Qxe5 $11 {[%mdl 4096] Endgame KQR-KQR} Rc1+ 48. Kg2 Qd7 (48... Qe6 $1 $11) 49. Qb8+ $14 Kg7 50. Qxb4 Qe6 51. Qd2 (51. Qb7 $14) 51... Rb1 $11 52. Re3 Qa6 (52... Qb6 $1 $11) 53. Re2 (53. Re1 $16 Rxe1 54. Qxe1) 53... Qc4 54. Kh2 Qb3 55. Kg2 Qd1 {[%csl Gb1][%cal Rd1h1]} 56. Kf3 Qh1+ 57. Kf4 Qh3 58. Qd3 Rc1 {[%mdl 1024] Black has compensation.} 59. Ke3 Qh1 {And now ...Rc6 would win.} 60. Kf4 $2 {[%mdl 8192]} (60. Rc2 $11) 60... Qh3 $2 (60... Rc6 $19 {Strongly threatening ...Rf6+.} 61. Re8 Rf6+ 62. Ke5 Qe1+ {[%mdl 64] Double Attack} 63. Kxd5 Qxe8) 61. Ke3 $15 Qh1 $2 {[%mdl 8192]} (61... Rc8 $15) 62. Kf4 $19 Rc6 63. Ke3 Rc1 $2 ({Better is} 63... Qc1+ $19 64. Kf3 Qf1) 64. Qb3 $2 {[%mdl 8192]} (64. Kf4 $11) 64... Rd1 $2 (64... Rc4 $19 {and Black stays clearly on top.} 65. Qd3 Rc6) 65. Qc2 $17 {[#]} Rc1 $2 {[%mdl 8192]} (65... Kh7 $1 $17) 66. Qb3 $1 $19 Rd1 $2 (66... Rc4 $19 {is more deadly. ( -> ...Qe4+)} 67. Qd3 Rc6) 67. Qc2 $17 {[#]} Rc1 $2 {[%mdl 8192]} (67... Kh7 $1 $17) 68. Qb3 $1 $19 Rd1 $2 {Accuracy: White = 83%, Black = 69%.} (68... Rc4 $19 69. Qd3 Rc6) 1/2-1/2

[Event "Stepan Avagyan Memorial 2020"]
[Site "Jermuk"]
[Date "2020.07.08"]
[Round "2.2"]
[White "Barseghyan, Armen Ar."]
[Black "Gharibyan, Mamikon"]
[Result "1/2-1/2"]
[WhiteElo "2387"]
[BlackElo "2433"]
[Annotator "TA"]
[PlyCount "83"]
[EventDate "2020.07.05"]
[EventType "tourn"]
[EventCountry "ARM"]
[SourceTitle "playchess.com"]
[Source "ChessBase"]
[SourceQuality "1"]

{[%evp 9,83,15,12,-7,0,0,0,0,0,0,0,0,0,0,6,8,8,5,29,30,37,33,70,69,66,43,39,22,34,25,23,28,96,21,34,24,18,38,25,0,0,0,0,0,0,0,0,0,0,0,0,0,0,0,0,0,0,0,0,0,0,0,0,0,-7,0,0,0,0,0,0,0,0,0,0,-8]} 1. Nf3 d5 2. g3 g6 3. Bg2 Bg7 4. O-O e5 5. d3 Nc6 6. c4 {A07: Réti Opening: New York and Capablanca Systems.} dxc4 7. dxc4 Qxd1 8. Rxd1 e4 9. Ng5 f5 10. Nc3 Bxc3 $1 11. bxc3 Nf6 12. f3 {[%cal Rf3e4]} h6 13. Nh3 {[#]} exf3 $146 ({Predecessor:} 13... g5 14. Nf2 Bd7 15. a4 Na5 16. fxe4 fxe4 17. Nxe4 Nxe4 18. Bxe4 O-O-O 19. Rd5 Nxc4 {½-½ (27) Goffin,P (2344)-Holroyd,K (2340) ICCF email 2012}) 14. exf3 Kf7 15. Nf4 Be6 16. Nxe6 Kxe6 17. Rb1 b6 18. Rb2 Kf7 19. Re2 Rad8 20. Rde1 Rd7 (20... Rde8 $11 {keeps the balance.}) 21. h4 (21. Bf1 $16) 21... h5 22. Bg5 {[#] aiming for Bxf6.} Re8 23. Rxe8 Nxe8 24. g4 Ng7 {The position is equal.} 25. f4 Ne7 26. c5 bxc5 27. gxh5 Nxh5 28. Re5 Nf6 29. Bxf6 Kxf6 30. Rxc5 $11 {[%mdl 4096] Endgame KRB-KRN} c6 31. Ra5 Ke6 32. Kf2 Rd2+ 33. Kg3 Rd3+ 34. Kf2 Rxc3 35. Rxa7 Nd5 36. Bxd5+ $1 Kxd5 {KR-KR} 37. Rg7 Ke4 38. Rxg6 Kxf4 39. h5 Rc2+ 40. Kg1 {[#] h6 is the strong threat.} Rxa2 41. h6 {Hoping for h7.} Ra8 42. Rxc6 {Accuracy: White = 91%, Black = 91%.} 1/2-1/2

[Event "Stepan Avagyan Memorial 2020"]
[Site "Jermuk"]
[Date "2020.07.08"]
[Round "2.3"]
[White "Shahinyan, David"]
[Black "Sargsyan, Anna M."]
[Result "1/2-1/2"]
[WhiteElo "2456"]
[BlackElo "2405"]
[Annotator "TA"]
[PlyCount "88"]
[EventDate "2020.07.05"]
[EventType "tourn"]
[EventCountry "ARM"]
[SourceTitle "playchess.com"]
[Source "ChessBase"]
[SourceQuality "1"]

{[%evp 9,88,18,25,19,30,26,29,27,31,29,26,19,30,18,37,0,22,1,65,-79,-81,-86,-85,-83,-77,-75,-89,-102,-89,-92,-88,-113,-72,-79,-91,-78,-91,-171,-8,-13,-32,-3,-10,-9,0,0,0,0,0,-18,7,2,7,15,50,12,14,0,0,0,0,0,0,0,0,0,0,0,0,0,0,0,0,0,0,0,0,0,0,0,0]} 1. e4 e5 2. Nf3 Nc6 3. Be2 g6 4. O-O Bg7 5. c3 Nge7 6. d4 {C44: Ponziani Opening and Scotch Gambit.} exd4 7. cxd4 d5 8. e5 {White has an edge.} O-O 9. Nc3 f6 10. exf6 Bxf6 11. Bh6 Re8 {[#]} 12. Bf4 $146 ({Predecessor:} 12. Bg5 Bxg5 13. Nxg5 Nf5 14. Nf3 Be6 15. Qd2 Qf6 16. Rad1 Nd6 17. Qg5 Qg7 18. Ne5 Nxe5 19. Qxe5 {1-0 (54) Philippe,G (2319)-Mirimanian,H (2243) Montigny le Bretonneux 2016}) 12... Bg4 13. Re1 Rf8 (13... Nf5 $11) 14. Nb5 {[#]} (14. Ne5 $14 {stays ahead.} Bxe2 15. Nxe2) 14... a6 $1 $36 {[%cal Ra6b5][%mdl 2048] Black is in control.} 15. Nc3 {[%cal Bb5c3,Bc3a4,Ba4c5][%mdl 32]} Bxf3 $1 16. Bxf3 Nxd4 17. Bg4 c6 18. Na4 {intending Nc5.} Nef5 19. Nc5 Rf7 20. Rc1 Bg5 21. Bxf5 Bxf4 22. Qxd4 Rxf5 ({Much weaker is} 22... Bxc1 $6 23. Be6 $11) 23. Rc3 (23. Rc2 $17 {keeps fighting.}) 23... Qh4 $2 ({Better is} 23... Qd6 $19 24. Rh3 Be5) 24. Kf1 $11 Bg5 ({Wrong is} 24... Qxh2 $2 25. Rh3 $18) (24... Raf8 {with more complications.} 25. Nd7 Rd8 26. Nc5 Qf6 27. Qxf6 Rxf6 28. Nxb7 Rb8) 25. Qxh4 Bxh4 26. g3 Bf6 27. Rc2 $1 d4 28. Nxb7 d3 $1 {[%cal Rd3c2]} 29. Rd2 Rd5 {[#] Strongly threatening ...Rb8.} 30. Re6 Bxb2 {White must now prevent ...Ba3.} 31. Rxc6 Be5 32. f4 Rb8 {The position is equal.} 33. Nc5 Rb1+ 34. Kg2 Rb2 35. Ne4 Rxd2+ 36. Nxd2 {[%mdl 4096] Endgame KRB-KRN} Ra5 37. Kf3 Rxa2 38. Ke3 Bd4+ 39. Kxd3 Bg1 40. Rc8+ Kf7 41. Rc7+ Kg8 42. Rc8+ Kf7 43. Rc7+ Kg8 44. Rc8+ Kf7 {Accuracy: White = 81%, Black = 83%.} 1/2-1/2

[Event "Stepan Avagyan Memorial 2020"]
[Site "Jermuk"]
[Date "2020.07.08"]
[Round "2.4"]
[White "Davtyan, Artur"]
[Black "Sargsyan, Shant"]
[Result "0-1"]
[WhiteElo "2461"]
[BlackElo "2594"]
[Annotator "TA"]
[PlyCount "106"]
[EventDate "2020.07.05"]
[EventType "tourn"]
[EventCountry "ARM"]
[SourceTitle "playchess.com"]
[Source "ChessBase"]
[SourceQuality "1"]

{[%evp 16,106,22,18,11,0,-2,0,13,-33,0,-20,-12,-84,-72,-64,-64,-83,-76,-86,-59,-66,-62,-84,-85,-158,-12,-19,0,0,8,-81,-58,-120,-113,-221,-222,-227,-228,-229,-229,-243,-200,-309,-308,-331,-332,-338,-337,-367,-339,-422,-410,-423,-411,-408,-393,-546,-539,-823,-489,-471,-466,-500,-485,-487,-483,-467,-292,-292,-292,-292,-285,-262,-221,-1284,-1139,-12826,-12829,-12834,-12835,-12839,-12839,-12839,-12839,-12840,-12840,-12841,-12841,-12841,-12841,-12841,-12835]} 1. d4 Nf6 2. c4 e6 3. Nf3 d5 4. Nc3 Bb4 5. cxd5 exd5 6. Bg5 h6 7. Bxf6 Qxf6 8. Qb3 Qd6 9. a3 Bxc3+ {D38: Queen's Gambit Declined: Ragozin Defence (4 Nf3 Bb4).} 10. bxc3 O-O 11. e3 c5 {[#] The position is equal.} 12. c4 $146 ({Predecessor:} 12. dxc5 Qxc5 13. Qb4 Qc7 14. Bd3 Be6 15. O-O Nd7 16. Nd4 Ne5 17. Be2 Rac8 18. Rab1 {0-1 (33) Vokac,M (2380)-Swayams,M (2432) Marianske Lazne 2019}) 12... Be6 13. dxc5 Qxc5 {[%cal Rd5c4]} 14. Qxb7 (14. Nd4 $11 {keeps the balance.}) 14... dxc4 $17 {Strongly threatening ...Nc6.} 15. Nd4 (15. Qxa8 $2 Bd5 $19) 15... Bd5 16. Qb5 {[#]} Nd7 $1 {[%mdl 512]} 17. Be2 (17. Qxd7 $2 Qa5+ 18. Kd1 Rab8 $19) 17... Qxb5 18. Nxb5 Rab8 19. Nd6 c3 20. e4 (20. Nb5 $142) 20... Ba8 (20... Bb3 $17 {Threatens to win with ...Rb6.} 21. Rc1 c2) 21. Rc1 $11 Rfd8 {White must now prevent ...Ne5.} 22. f3 $1 Bc6 23. O-O ({Much weaker is} 23. Nf5 Ne5 $15) (23. Kf2 $11 {remains equal.}) 23... Rb2 $36 {[%mdl 2048] Black is pushing.} 24. Rfe1 {Black converts the advantage convincingly.} ({Reject} 24. Rxc3 Nb8 $17) (24. Nf5 $15 Ne5 25. Rfd1) 24... Ne5 $17 25. Nf5 (25. f4 $17 Rxd6 26. fxe5) 25... c2 $19 26. Ne3 {[#]} Ba4 $1 27. Nd5 Bb3 28. f4 Nc6 ({Less strong is} 28... Bxd5 29. exd5 Ng6 30. Bd3 $17) 29. Nc3 (29. Kf2 {might work better.}) 29... Nd4 30. Ba6 Rd6 31. Bf1 Rc6 32. Nd5 {Black should prevent Ne7+.} Kf8 33. Nb4 Rc3 34. Kf2 {If only White now had time for Nd3....} Bc4 35. Bxc4 Rxc4 36. Ke3 {With the idea Kd3.} Rb3+ 37. Kd2 {[%cal Rb4c2]} Rxa3 38. Nxc2 Ra2 39. Kd3 Raxc2 40. Rxc2 Nxc2 {[%mdl 4096] Endgame KRN-KR} 41. Rc1 Rd4+ 42. Kc3 Rxe4 43. Rxc2 Rxf4 {KR-KR} 44. Ra2 {[#]} a5 $1 {[%mdl 64] Deflection} 45. Rxa5 $2 (45. g3 Rf5 46. Kb3) 45... Rf2 {Black is clearly winning.} 46. g3 Rxh2 47. Kd4 Re2 48. g4 g6 49. Kd3 Re6 50. Rb5 Kg7 51. Kd4 g5 52. Kd3 Kg6 53. Rb8 Rf6 {Accuracy: White = 50%, Black = 81%.} 0-1